Normal view
MARC view
Entry Personal Name
001 - CONTROL NUMBER
- control field: 52971
003 - CONTROL NUMBER IDENTIFIER
- control field: dpl
005 - DATE AND TIME OF LATEST TRANSACTION
- control field: 20121009125036.0
008 - FIXED-LENGTH DATA ELEMENTS
- fixed length control field: 121009|||a|||||| | ||| d
040 ## - CATALOGING SOURCE
- Original cataloging agency: dpl
- Transcribing agency: dpl
100 ## - HEADING--PERSONAL NAME
- Personal name: مو لا نا ابو ا لکلا م آ ز ا دکے منتخب ا د ا ر يۓ
670 ## - SOURCE DATA FOUND
- Source citation: Work cat.: (dpl): مو لا نا ابو ا لکلا م آ ز ا دکے منتخب ا د ا ر يۓ, مو لا نا ابو ا لکلا م آ ز ا دکے منتخب ا د ا ر يۓ, 2011ء
670 ## - SOURCE DATA FOUND
- Source citation: Work cat.: (dpl): مو لا نا ابو ا لکلا م آ ز ا دکے منتخب ا د ا ر يۓ, مو لا نا ابو ا لکلا م آ ز ا دکے منتخب ا د ا ر يۓ, 2011ء
